| 000 | 00422nam a2200145Ia 4500 | ||
|---|---|---|---|
| 008 | 200924s9999 xx 000 0 und d | ||
| 020 | _a978-147-4263-02-3 | ||
| 100 | _aMale, Alan | ||
| 245 |
_cAlan Male _aIllustration: _ba theoretical and contextual perspective/ |
||
| 250 | _a2nd ed. | ||
| 260 |
_aLondon: _bBloomsburry _c2017 |
||
| 300 |
_a232 pages _c25 cm. |
||
| 650 | _aGraphic arts | ||
| 650 | _aVisual communication | ||
| 999 |
_c364443 _d364443 |
||